紹介文からキャラクターを当てる!2 - Statistics

General Stats
  • This quiz has been taken 43 times
  • The average score is 12 of 15
Answer Stats
Hint Answer % Correct
美人のお姉さんと、お菓子の「チョコビ」が大好き。ひたすらお気楽マイペースな幼稚園児。 野原しんのすけ
97%
○○の妹。他の家族同様に鬼に襲われるも、傷口に鬼の血が入り込み鬼に変貌してしまう。敵から○○や他の人間を守るように動く。鬼となる前は、家族思いの心穏やかな少女であった。 竈門禰豆子
97%
(名前)は100エーカーの森に住む、のんびりやのくまのぬいぐるみ。(名前)は森の仲間を大切にする、とてもやさしくて友だち思いのくまさんです。とても食いしんぼうで、はちみつが大好き。『(名前)とはちみつ』でスクリーンデビューを果たした2月4日、(名前)原作デビューの日である10月14日、そして大好きなはちみつにちなんだ8月3日が(名前)の特別な日です。(名前)のかわいいグッズがたくさん登場します。 くまのプーさん
94%
14歳。本編の主人公。EVA初号機に乗る「第3の少年」。使徒との戦いを通じて自分しかできないことに気づき始めた。他人との関わりあいを通じ、彼の心はどんな変化を見せるのか 碇シンジ
89%
東京都立呪術高等専門学校一年。呪いの王・両面宿儺の猛毒に耐えられる、千年生まれなかった逸材。それを指名と受け入れ、間違った死を阻止すべく、自ら呪いを廻る戦いに身を投じていく。 虎杖悠二
89%
幽霊族の妖怪。かつては重い病で命を落としたが、まだ赤ん坊だった○○への想いが強く、目玉の妖怪として生き返った。実の父親として○○のことを暖かく見守り、時に的確なアドバイスをする。普段は○○がいれる様々な種類の茶碗風呂を楽しんでいる。物知りで、妖怪のことに詳しい。 目玉おやじ
86%
ルビーの双子の兄。母親であるアイを殺した犯人を見つけ出すため、 芸能界に足を踏み入れる。 苺プロダクションに所属し俳優として活動しており、 舞台「東京ブレイド」にて刀鬼を演じる。 アクア
83%
ちいかわのともだち。明るくてポジティブ。どうくつで生活している。 ハチワレ
83%
はるかぜとともにプププランドへやってきた旅の若者。なんでもすいこむ、くいしんぼう。 カービィ
83%
千年以上生きるエルフで、勇者パーティーとして魔王を倒した魔法使い。魔法であればどんなものでも興味を持つ魔法オタク。性格はずぼらでドライ。仲間たちとの旅を経て、知らず知らずのうちにその心にも変化が現れる。
フリーレン
83%
6月9日がバースデー!短気で自己中心的で負けず嫌いな性格ですが、どこか憎めない性格。○○とは恋人同士です♪1934年6月9日公開の『かしこいメンドリ』でデビューして以来、ディズニー最多の出演作品数を誇り、ヒューイ、デューイ、ルーイという3人の甥や、伯父の△△など、家系図ができるほど家族がたくさん。ふわふわなおしりや青い帽子など(名前)がモチーフのグッズがたくさん登場しています。 ナルド・フォントルロイ・ダック
81%
自称○○のライバル。乱暴者に見えるけれど、実はとっても乙女チック!?イケメンがだ〜い好き。黒いずきんとピンクのどくろがチャームポイント。世界中を(名前)化するため奮闘中! クロミ
64%
千年まえのヘイアンチョウにある妖精界(ようせいかい)の貴族(きぞく)、坂ノ上家(さかのうえけ)のひとりむすこでやんごとなきみやびなお子さま。お屋敷(やしき)の池(いけ)でおぼれて、水(みず)が苦手(にがて)になる。そのためおふろが大きらい。“和歌(わか)”や“蹴鞠(けまり)”などみやびなことが得意(とくい)。体力(たいりょく)なし、のんびり・まったり・ちょっぴりわがままな性格(せいかく)。いまは、月光町(げっこうちょう)で出会ったカズマのところに居候中(いそうろうちゅう)。ヘイアンチョウで月光町博物館(げっこうちょうはくぶつかん)をたてるため、めずらしいものを見つけてはエボシにいれてあつめている。カズマのママがつくったプリンのあまりのおいしさに大感激(だいかんげき)し、とうぶん帰る気はないらしい。 坂ノ上おじゃる丸
64%
自由に旅することをこよなく愛する(名前)は、ムーミントロールの親友。ヨクサルとママミムラ(ミムラ夫人)の息子で、リトルミイとミムラねえさんの異父弟にあたります。 身軽に生きる旅人である(名前)の荷物は、リュックサックひとつ。濃い緑色の古ぼけた帽子と着古した服を身にまとい、パイプをくわえ、帽子にはハゲワシの落していった羽根を挿しています。愛用のハーモニカを吹いて、詩と曲を作り、釣りをし、あちこち旅してまわります。 スナフキン
56%
妖怪の父、人間の母を持つ半妖。桔梗がかけた封印を○○が解いたために復活。○○と一緒に、四魂の玉のかけらを探してい る。その旅の途中、父の形見の鉄砕牙を手に入れた。 犬夜叉
44%
No matching quizzes found
Score Distribution
Percent of People with Each Score
Percentile by Number Answered
Your Score History
You have not taken this quiz